Tratamiento de la tuberculosis pulmonar por el pneumotórax / (Record no. 139699)

MARC details
000 -LEADER
campo de control de longitud fija 00496nam a2200157 i 4500
001 - NÚMERO DE CONTROL
campo de control 139699
003 - IDENTIFICADOR DE NÚMERO DE CONTROL
campo de control ES-MaACL
005 - FECHA Y HORA DE LA ÚLTIMA TRANSACCIÓN
campo de control 20230906195859.0
007 - CAMPO FIJO DE DESCRIPCIÓN FÍSICA--INFORMACIÓN GENERAL
campo de control de longitud fija t|
008 - DATOS DE LONGITUD FIJA--INFORMACIÓN GENERAL
campo de control de longitud fija 070214s1914 sp r ||||1| spa d
100 1# - ENTRADA PRINCIPAL--NOMBRE DE PERSONA
Nombre de persona Saye Sempere, Luis.
9 (RLIN) 104103
245 10 - MENCIÓN DEL TÍTULO
Título Tratamiento de la tuberculosis pulmonar por el pneumotórax /
Mención de responsabilidad, etc. Luis Saye Sempere.
260 ## - PUBLICACIÓN, DISTRIBUCIÓN, ETC.
Lugar de publicación, distribución, etc. Madrid :
Nombre del editor, distribuidor, etc. [s.n.],
Fecha de publicación, distribución, etc. 1914 (
Fabricante Hijos de Nicolás Moya)
650 #4 - PUNTO DE ACCESO ADICIONAL DE MATERIA--TÉRMINO DE MATERIA
Término de materia o nombre geográfico como elemento de entrada Tuberculosis-
Subdivisión general Tratamiento.
9 (RLIN) 151845
852 ## - LOCALIZACIÓN
Ubicación ES-MaACL
Número de control de estantería T-1364-F-12
Holdings
Estatus retirado Estado de pérdida Estado de daño No para préstamo Colección Biblioteca de origen Biblioteca actual Ubicación en estantería Fecha de adquisición Fuente de adquisición Total de préstamos Signatura topográfica completa Código de barras Visto por última vez Precio de reemplazo Tipo de ítem Koha
        Colección de folletos Biblioteca del Ateneo de Madrid Biblioteca del Ateneo de Madrid Depósito folletos 17/01/2008     T-1364-F-12 1145377 23/02/2023 23/02/2023 Folleto